Responses for show #3617 - Tuesday, May 2, 2000

Contestants

Rosemary Wiseman, an office manager from Oldsmar, Florida

Dan Felsenheld, a marketing manager from Arlington, Virginia

Alan Taber, a mechanical engineer from Lancaster, California (whose 4-day cash winnings total $46,100)

Jeopardy! Round responses

ANIMALS
TV SHOWS
STATES' MOST POPULOUS CITIES
MULTIPLE CHOICE
HATS ALL, FOLKS!
WORD UP!
    $100 1
penguin

Alan
    $100 12
Homicide

Rosemary
    $100 11
(Alan: What is Dallas-Fort Worth?)
(Dan: What is Dallas?)

Houston

AlanDanRosemary
    $100 22
fore

Alan
    $100 14
sailor

Alan
    $100 6
mud

Alan
    $200 2
deer

Alan
    $200 13
The X-Files

Alan
    $200 27
Des Moines

Rosemary
    $200 23
(Alex: Less than a minute.)

Slim Jim

Rosemary
    $200 15
train engineer

Dan
    $200 7
no

Alan
    $300 3
(Dan: What is a mosquito?)
(Alan: What are aphids?)

bumblebee

AlanDan
Triple Stumper
    $300 19
Rugrats

Rosemary
    $300 28
Albuquerque

Alan
    $300 24
Bravo

Alan
    $300 16
France

Dan
    $300 8
cheek

Alan
    $400 4
(Alex: A lot of good that research did me!)

hamster

Triple Stumper
    $400 20
Dark Shadows

Rosemary
    $400 29
(Dan: What is Kansas City?)
(Rosemary: What is Topeka?)

Wichita

DanRosemary
Triple Stumper
    $400 25
Souchong

Dan
    $400 17
Amish

Alan
    $500 9
(Alan: What is almondine?)

macaroon (macaroni)

Alan
    $500 5
(Alan: What is an alpaca?)

rhea

Alan
Triple Stumper
    $500 21
(Dan: What is the Mayflower Colony?)
(Rosemary: What is Massachusetts Bay Colony?)

Plymouth Colony

AlanDanRosemary
    $500 30
Newark

Dan
    $500 26
Micmac (an Indian)

Dan
    $500 18
stovepipe

Dan
    $500 10
Crop

Alan

Scores at the first commercial break (after clue 13):

Alan Dan Rosemary
$200 -$400 $200

Scores at the end of the Jeopardy! Round:

Alan Dan Rosemary
$1,900 $1,100 $400

Double Jeopardy! Round responses

18th CENTURY AMERICANS
FLAG TERMS
NAME THE ROCKERS
"COME"
HELLER
HIGH WATER
    $200 1
Daniel Boone

Alan
    $200 8
[Amherst College [*] is shown.]

a pennant

Alan
    $200 4
The Rolling Stones

Dan
    $200 25
come full circle

Alan
    $200 12
Coney Island

Dan
    $200 15
(Alan: Who is Mary Magdalene?)

Virgin Mary

Alan
Triple Stumper
    $400 2
John Paul Jones

Rosemary
    $400 9
mast

Dan
    $400 5
The Cars

Dan
    $400 26
comeuppance

Alan
    $400 13
bombed

Triple Stumper
    $400 16
(Dan: What is Moscow?)
(Alan: What is Nashville?)
(Rosemary: What is Knoxville?)

St. Petersburg, Russia

AlanDanRosemary
Triple Stumper
    $800 3
Benjamin Franklin

Rosemary
    $600 11
ensign

Dan
    $600 6
(Alan: Who is REO Speedwagon?)

R.E.M.

AlanDan
    $600 27
(Alan: What is come to roost?)
[The end-of-round signal sounds.]

Come home to roost

Alan
Triple Stumper
    $600 14
McHale's Navy

Rosemary
    $600 17
Mexico

Alan
    $800 18
(D: Who is Lafayette?)

George Rogers Clark

Dan
Triple Stumper
    $1,500 20
canton

Alan
    $800 7
The Eagles

Alan
    $800 23
Casino Royale

Rosemary
    $800 22
(Rosemary: What is Taiwan?)
(Dan: What is China?)

Vietnam

DanRosemary
Triple Stumper
    $1000 19
John Jay

Alan
    $1000 21
swallow

Rosemary
    $1000 10
Heart

Dan
    $1000 24
18

Dan

Scores at the end of the Double Jeopardy! Round:

Alan Dan Rosemary
$5,000 $3,500 $2,800

[wagering suggestions for these scores]

Final Jeopardy! Round responses

BUSINESS & INDUSTRY
RosemaryWhat is Ben & Jerry's
$2,800
DanWhat is Home Depot?
$2,101
AlanWhat is Burger King?
$2,001
Home Depot

Final scores:

Alan Dan Rosemary
$2,999 $5,601 $0
2nd place: Zenith 36" TV & Tivo Hard Disk Recorder Service New champion: $5,601 3rd place: LobsterGram Gift Certificate

Game dynamics:

Coryat scores:

Alan Dan Rosemary
$4,800 $3,500 $2,600
21 R
(including 1 DD),
8 W
(including 1 DD)
14 R,
7 W
11 R
(including 1 DD),
4 W

Combined Coryat: $10,900

The J! Archive is created by fans, for fans. The Jeopardy! game show and all elements thereof, including but not limited to copyright and trademark thereto, are the property of Jeopardy Productions, Inc. and are protected under law. This website is not affiliated with, sponsored by, or operated by Jeopardy Productions, Inc. Join the discussion at JBoard.tv.